Guess the Gacha Game by Picture - Statistics

General Stats
  • This quiz has been taken 30 times
  • The average score is 10 of 32
Answer Stats
Picture Answer % Correct
Genshin Impact
100%
Honkai: Star Rail
96%
Zenless Zone Zero
77%
CookieRun: Kingdom
73%
Reverse: 1999
73%
Wuthering Waves
69%
Arknights
62%
Honkai Impact 3rd
58%
Love and Deepspace
50%
Fate/Grand Order
42%
Limbus Company
38%
Infinity Nikki
35%
Solo Leveling: ARISE
31%
Blue Archive
27%
CookieRun: Ovenbreak
23%
Punishing: Gray Raven
23%
AFK Journey
19%
Goddess of Victory: Nikke
19%
Silver Palace
15%
Epic Seven
12%
AFK Arena
8%
Duet Night Abyss
8%
Tears of Themis
8%
Touhou LostWord
8%
Tower of Fantasy
8%
Ensemble Stars Music
4%
Hatsune Miku: Colorful Stage!
4%
BanG Dream! Girls Band Party!
0%
D4DJ Groovy Mix
0%
Dragon Raja: Anime MMORPG
0%
Skullgirls: Fighting RPG
0%
Umamusume: Pretty Derpy
0%
No matching quizzes found
Score Distribution
Percent of People with Each Score
Percentile by Number Answered
Your Score History
You have not taken this quiz